000 01075nam a22002657a 4500
005 20170123162336.0
010 _aA-148405
020 _c35.00
035 _aA-148405
037 _bCen Lib/Ret
040 _aDPL
_bUR
082 _a921
_bج ن ی
245 _aحضرت جنید بغدادی :
_cترتیب و تالیف ضیا الحسن فاروقی ؛ اردو ترجمہ مالی الہام
_bشخصیت و تصوّف /
246 _aHazrat Junaid Baghdadi : shakhsiyat v taswwauf /
_bcompiled by Ziya Alhasan Faruqi ; urdu trsalation by Muaali Alham
260 _aنیی دہلی
_bمقتبہ جامہ لمیٹڈ
_c1982
270 _bنیی دہلی
_aپٹوڈی ہاؤس دریاگنج
_e110002
300 _a224p.
_c21cm(Hb)
650 _aادب -- اردو
_9142726
650 _aاردوسوانے عمری
_9108678
650 _aLiterature -- urdu
_9142727
650 _aUrdu biography
_9511
700 _aضیا الحسن فاروقی
_9115272
700 _aمالی الہام
_9142728
942 _2ddc
_cUR
_h921
_mج ن ی
999 _c108174
_d108174